Human Resource Management (Record no. 346899)
[ view plain ]
| 000 -LEADER | |
|---|---|
| fixed length control field | 00554 a2200205 4500 |
| 003 - CONTROL NUMBER IDENTIFIER | |
| control field | OSt |
| 005 - DATE AND TIME OF LATEST TRANSACTION | |
| control field | 20180116182832.0 |
| 008 - FIXED-LENGTH DATA ELEMENTS--GENERAL INFORMATION | |
| fixed length control field | 160907b xxu||||| |||| 00| 0 eng d |
| 020 ## - INTERNATIONAL STANDARD BOOK NUMBER | |
| International Standard Book Number | 81650952X |
| 040 ## - CATALOGING SOURCE | |
| Transcribing agency | 0 |
| 082 ## - DEWEY DECIMAL CLASSIFICATION NUMBER | |
| Classification number | 658.3 DEC 2001 |
| 100 ## - MAIN ENTRY--PERSONAL NAME | |
| Personal name | Decenzo,David A. |
| 245 ## - TITLE STATEMENT | |
| Title | Human Resource Management |
| Statement of responsibility, etc. | David A.Decenzo |
| 250 ## - EDITION STATEMENT | |
| Edition statement | 7th ed. |
| 260 ## - PUBLICATION, DISTRIBUTION, ETC. | |
| Place of publication, distribution, etc. | New Delhi |
| Name of publisher, distributor, etc. | John Wiley & Sons,INC |
| Date of publication, distribution, etc. | 2001 |
| 300 ## - PHYSICAL DESCRIPTION | |
| Extent | 462 p. |
| Other physical details | HB. Photo copy |
| 440 ## - SERIES STATEMENT/ADDED ENTRY--TITLE | |
| Title | Human Resource Management |
| 500 ## - GENERAL NOTE | |
| General note | photo copy |
| 942 ## - ADDED ENTRY ELEMENTS (KOHA) | |
| Institution code [OBSOLETE] | NBS |
| Koha item type | Book |
| Call number prefix | 658.3 DEC 2001 |
| Source of classification or shelving scheme | |
| Withdrawn status | Lost status | Damaged status | Not for loan | Permanent Location | Current Location | Date acquired | Total Checkouts | Full call number | Barcode | Date last seen | Date last checked out | Price effective from | Koha item type | Source of classification or shelving scheme | Collection code | Shelving location | Materials specified (bound volume or other part) | Public note |
|---|---|---|---|---|---|---|---|---|---|---|---|---|---|---|---|---|---|---|
| Central Library (CL) | Central Library (CL) | 08/28/2013 | 1 | 658.3 DEC | NBS7673 | 04/15/2014 | 03/12/2014 | 08/28/2013 | Book | |||||||||
| Central Library (CL) | Central Library (CL) | 09/07/2016 | 658.3 DEC 2001 | NBSP-133 | 09/07/2016 | 09/07/2016 | Book | General Stacks | ||||||||||
| Central Library (CL) | Central Library (CL) | 09/07/2016 | 658.3 DEC 2001 | NBSP-134 | 09/07/2016 | 09/07/2016 | Book | General Stacks | ||||||||||
| Central Library (CL) | Central Library (CL) | 08/08/2018 | 1 | 658.3 DEC 2001 | NBSD-3049 | 03/05/2019 | 02/01/2019 | 08/08/2018 | CSS Corner | Central Superior Services | CSS Corner Book | CSS Corner Book |
